Países no Reconocidos y Territorios más adivinados en JetPunk - Estadísticas

Estadísticas generales
  • Esta prueba ha sido intentada 197 veces
  • La puntuación promedio es 6 de 15
Estadísticas de respuestas
Territorio o País % Correcto
75% Puerto Rico
71%
84% Groenlandia
66%
79% Palestina
65%
80% Taiwán/República de China
61%
79% Kosovo
55%
69% Sahara Occidental/RASD
53%
76% Islas Malvinas/Falklands
39%
81% Chipre
35%
66% Islas Feroe
35%
61% Guayana Francesa
32%
83% Israel
29%
85% R. P. China
22%
55% Polinesia Francesa
20%
83% Corea del Norte
17%
83% Corea del Sur
17%
No se encontraron pruebas coincidentes
Distribución de puntuación
Porcentaje de gente con cada puntuación
Porcentaje por número respondido
Historial de tus puntuaciones
No has intentado esta prueba.